000 00219nam a22000857a 4500
008 160630b xxu||||| |||| 00| 0 eng d
100 _91587
_a Dreamland Publication
245 _aHop O'my Thumb
260 _aNew delhi
_bM/S Arya
999 _c1314
_d1314